| 000 | 00717nam a2200181Ia 4500 | ||
|---|---|---|---|
| 008 | 100921s9999 xx 000 0 und d | ||
| 082 |
_b39835 _a796 न 04 |
||
| 100 | _aजाधव अजित राजाराम. | ||
| 245 | _aवास्तु-अजित. | ||
| 260 |
_bश्रीलक्ष्मीनारायण प्रकाशन,कोल्हापूर. _c2004 |
||
| 300 |
_a234 _bसाहित्यसेवा |
||
| 365 | _b250 | ||
| 520 | _aकला-वास्तुशिल्पकला. | ||
| 630 | _aवास्तु-अजित. | ||
| 650 | _aकला-वास्तुशिल्पकला. | ||
| 730 | _aवास्तु-अजित. | ||
| 942 | _cBOOK | ||
| 999 |
_c788948 _d788945 |
||